| 000 | 00421 a2200157 4500 | ||
|---|---|---|---|
| 020 | _a0006164498 | ||
| 040 |
_aDLC _bDLC |
||
| 082 | _a823.912 | ||
| 100 | _aAgatha Christie | ||
| 245 |
_aPassenger to Frankfurt _cAgatha Christie |
||
| 260 |
_aLondon: _bHarper Collins Publishers, _c1970. |
||
| 300 |
_a 222 p. _b19 cm. |
||
| 500 | _aIncludes Index | ||
| 650 | _aDetective and mystery stories. | ||
| 942 |
_cBK _k823.912 CHR _2ddc |
||
| 999 |
_c4947 _d4947 |
||